000 05344cam a2201093 ar4500
999 _c56359
001 9456937
003 LIBRIS
005 20210308124036.0
008 040413s2004 sw ||||j||||||000 0|swe|
020 _a9172990856
_qinb.
035 _a(Bo)356248
035 _a(Mo)b1530155
040 _aNB
_ea
041 _aswe
082 0 4 _a590
_222 (machine generated)
084 _aUg,u
_2kssb/7
084 _aUg,u
_2kssb/8
100 1 _aCasta, Stefan,
_d1949-
_0https://libris.kb.se/sq4660xb0bznwv7#it
245 0 4 _aDen vilda staden :
_bboken om djuren som flyttar till stan /
_cStefan Casta, Staffan Ullström ; fackgranskad av Johnny Karlsson.
250 _a[Ny, omarb. uppl.]
264 1 _aBromma :
_bOpal,
_ccop. 2004
264 3 _aItalien
300 _a110 s.
_bill. (huvudsakligen i färg)
_c26 cm
340 _b26 cm
500 _5Li
_aPliktex.
500 _5Mo
_asvenska
650 7 _aVilda djur
_vbarn- och ungdomslitteratur
_2barn
650 4 _aFaktaböcker barn
653 _aVilda djur
655 7 _aFaktaböcker
_0https://id.kb.se/term/barngf/Faktab%C3%B6cker
_2barngf
655 4 _5Mo
_aBok
700 1 _aUllström, Staffan,
_d1949-
_0https://libris.kb.se/hftwxfj14nbczxh#it
775 0 _tDen vilda staden
_d1994
_z91-7270-724-0
_w7631098
887 _a{"@id":"wd65kgx70pdfh88","modified":"2018-10-30T23:00:00+01:00","checksum":"112056562862"}
_2librisxl
887 _a{"@id":"jnvjn7bp4gztzj3","modified":"2014-08-25T11:04:32+02:00","checksum":"44765249220"}
_2librisxl
887 _a{"@id":"fkspgl7l2m5rjb6","modified":"2016-01-25T11:48:00+01:00","checksum":"46607700264"}
_2librisxl
887 _a{"@id":"qv2p44kw00cf8mm","modified":"2014-04-01T11:10:48+02:00","checksum":"39337495411"}
_2librisxl
887 _a{"@id":"nszrzl6t523lzdd","modified":"2017-02-07T13:48:00+01:00","checksum":"49852995177"}
_2librisxl
887 _a{"@id":"8dl0jj1f3js18gg","modified":"2012-04-03T09:28:05+02:00","checksum":"56270805780"}
_2librisxl
887 _a{"@id":"04921h052tmszc2","modified":"2016-03-07T09:51:34+01:00","checksum":"52858636250"}
_2librisxl
887 _a{"@id":"59g77msb4mk9szq","modified":"2004-07-14T12:01:46+02:00","checksum":"45751932274"}
_2librisxl
887 _a{"@id":"v05z47q15vpv1gn","modified":"2014-12-08T10:58:24+01:00","checksum":"49037995575"}
_2librisxl
887 _a{"@id":"59jbvh1b56pqnk0","modified":"2015-06-22T10:30:53+02:00","checksum":"42857593500"}
_2librisxl
887 _a{"@id":"pt11lptv171r3xp","modified":"2009-03-03T13:46:55+01:00","checksum":"40980925287"}
_2librisxl
887 _a{"@id":"bgmd496h0j7rl09","modified":"2004-04-13T12:48:14+02:00","checksum":"50095893186"}
_2librisxl
887 _a{"@id":"w16z08421b8j78b","modified":"2004-08-04T09:14:53+02:00","checksum":"49297532913"}
_2librisxl
887 _a{"@id":"w16zpvs249p70w6","modified":"2004-04-13T12:48:32+02:00","checksum":"50073800086"}
_2librisxl
887 _a{"@id":"x270qws342n8hk1","modified":"2004-04-13T12:47:50+02:00","checksum":"56630881374"}
_2librisxl
887 _a{"@id":"59g74kjb54kh43r","modified":"2004-05-25T13:51:22+02:00","checksum":"63171383782"}
_2librisxl
887 _a{"@id":"9fmqg82g29cll54","modified":"2013-08-01T10:59:24+02:00","checksum":"49438747101"}
_2librisxl
887 _a{"@id":"z3812tg44b8490d","modified":"2004-08-12T14:59:40+02:00","checksum":"52679439230"}
_2librisxl
887 _a{"@id":"ns0t1rmt4sptxk9","modified":"2006-02-07T15:05:37+01:00","checksum":"51978487790"}
_2librisxl
900 1 s _6100
_d1949-
_uCasta, Stefan,
_d1949-
900 1 s _6100
_d1949-
_uCasta, Stefan,
_d1949-
900 1 s _6700
_d1949-
_uUllström, Staffan,
_d1949-
900 1 s _6700
_d1949-
_uUllström, Staffan,
_d1949-
942 _2z
_cBOOK